Prácticas de física 2 /

Guardado en:
Autor Principal: Ruival, Heraclio O.
Otros Autores: Tricárico, Hugo R.
Formato: Libro
Publicado: Buenos Aires : Kapelusz, 1975
Materias:
Etiquetas: Agregar Etiqueta
Sin Etiquetas, Sea el primero en etiquetar este registro!
LEADER 00575nam a22001935a 4500
001 CEM.cems017897
005 20121113112919.0
008 130507s1975##################000#0#####d
003 CEMS
082 0 4 |a 530 
100 1 |a Ruival, Heraclio O. 
245 1 0 |a Prácticas de física 2 /  |c Heraclio O. Ruival y Hugo R. Tricárico 
260 |a Buenos Aires :  |b Kapelusz,  |c 1975 
300 |a 32 p. 
500 |a Prácticas de física 
653 |a Física 
653 |a Física-ejercicios 
700 1 |a Tricárico, Hugo R. 
859 |a CEMS  |b BIB. CEMS - Agricultura  |h 530  |i R859-1  |p A1623.12  |t Ej.1  |v 2  |3 2